000 00663cam a22002531 4500
999 _c7934
_d7934
001 7934
003 BD-JhCC
005 20180716185835.0
008 750918s1964 xx 000 0 eng
035 _a(BD-JhCC)7934
035 _a(OCoLC)1632453
040 _aDLC
_cNFredU
_dDLC
_dBD-JhCC
041 _aeng
050 0 0 _aZ675.S3
_bL4 1964
082 _bLEY 1964
_a027.82
100 1 _aLeyland, Eric,
_d1911-
245 1 0 _aLibraries in schools /
_cEric Leyland,
260 _aNew York,
_bPhilosophical Library
_c[1964]
300 _a143 p.
_c21 cm.
504 _aIncludes bibliographies.
650 0 _aSchool libraries.
942 _2ddc
_cBK